Regionálny rozvoj - nástroj rozvoja územia
Regionálny rozvoj je súbor sociálnych a hospodárskych procesov a vzťahov prebiehajúcich v regióne. Tieto procesy a vzťahy ovplyvňujú všetky zložky regiónu formou postupnej reťazovej reakcie. Jednotlivé zložky regiónu a vplyv na priebeh regionálneho rozvoja.
Na minha lista:
| Autor principal: | |
|---|---|
| Formato: | Capítulo de Livro |
| Idioma: | eslovaco |
| Assuntos: | |
| Tags: |
Sem tags, seja o primeiro a adicionar uma tag!
|
MARC
| LEADER | 00000nla$a2200000$$$4500 | ||
|---|---|---|---|
| 001 | 0149059 | ||
| 005 | 20221107084449.0 | ||
| 041 | 0 | |a slo | |
| 044 | |a CZ | ||
| 245 | 1 | 0 | |a Regionálny rozvoj - nástroj rozvoja územia |c Denisa Jánošová |
| 520 | |a Regionálny rozvoj je súbor sociálnych a hospodárskych procesov a vzťahov prebiehajúcich v regióne. Tieto procesy a vzťahy ovplyvňujú všetky zložky regiónu formou postupnej reťazovej reakcie. Jednotlivé zložky regiónu a vplyv na priebeh regionálneho rozvoja. | ||
| 610 | 2 | 0 | |a Slovensko |
| 610 | 2 | 0 | |a regióny |
| 610 | 2 | 0 | |a rozvoj regionálny |
| 610 | 2 | 0 | |a hospodárstvo regionálne |
| 610 | 2 | 0 | |a politika regionálna |
| 610 | 2 | 0 | |a procesy sociálno-ekonomické |
| 100 | 1 | |a Jánošová, Denisa | |